Comrades and strangers [behind the closed doors of North Korea]

Salvato in:
Dettagli Bibliografici
Autore principale: Harrold, Michael
Natura: Libro
Lingua:inglese
Pubblicazione: Chichester Wiley 2004
Soggetti:
Tags: Aggiungi Tag
Nessun Tag, puoi essere il primo ad aggiungerne!!

MARC

LEADER 00000nam$a2200000$$$4500
001 0033781
005 20240312115508.4
020 |a 0-470-86976-3 
041 0 |a eng 
044 |a GB 
245 1 0 |a Comrades and strangers  |b [behind the closed doors of North Korea]  |c Michael Harrold 
264 1 |a Chichester  |b Wiley  |c 2004 
300 |a 414 s. 
610 2 0 |a Severná Kórea 
610 2 0 |a politika 
610 2 0 |a obyvateľstvo 
100 1 |a Harrold, Michael